| 000 -LEADER |
| fixed length control field |
01648cas a2200421 a 4500 |
| 001 - CONTROL NUMBER |
| control field |
16295276 |
| 003 - CONTROL NUMBER IDENTIFIER |
| control field |
OSt |
| 005 - DATE AND TIME OF LATEST TRANSACTION |
| control field |
20160830111717.0 |
| 007 - PHYSICAL DESCRIPTION FIXED FIELD--GENERAL INFORMATION |
| fixed length control field |
t| |
| 008 - FIXED-LENGTH DATA ELEMENTS--GENERAL INFORMATION |
| fixed length control field |
090205c20089999iluar | a0eng c |
| 010 ## - LIBRARY OF CONGRESS CONTROL NUMBER |
| LC control number |
2009234165 |
| 020 ## - INTERNATIONAL STANDARD BOOK NUMBER |
| International Standard Book Number |
9780762311026 |
| 022 0# - INTERNATIONAL STANDARD SERIAL NUMBER |
| International Standard Serial Number |
2156-5228 |
| Source |
1 |
| 035 ## - SYSTEM CONTROL NUMBER |
| System control number |
(OCoLC)ocn301816240 |
| 037 ## - SOURCE OF ACQUISITION |
| Source of stock number/acquisition |
ABA Publishing, American Bar Association, 321 North Clark St., Chicago, IL 60654-7598 |
| 040 ## - CATALOGING SOURCE |
| Original cataloging agency |
PPTJ |
| Language of cataloging |
eng |
| Transcribing agency |
PPTJ |
| Modifying agency |
MH-L |
| -- |
CLU |
| -- |
DLC |
| -- |
UPB-L |
| -- |
OCoLC |
| 042 ## - AUTHENTICATION CODE |
| Authentication code |
pcc |
| -- |
nsdp |
| 043 ## - GEOGRAPHIC AREA CODE |
| Geographic area code |
n-us--- |
| 050 00 - LIBRARY OF CONGRESS CALL NUMBER |
| Classification number |
KF2972.L53 2004 |
| 082 00 - DEWEY DECIMAL CLASSIFICATION NUMBER |
| Classification number |
346.7304/8 |
| Edition number |
22 |
| 100 ## - MAIN ENTRY--PERSONAL NAME |
| Personal name |
Libecap Gary D |
| 222 #0 - KEY TITLE |
| Key title |
Annual review of intellectual property law developments |
| 245 00 - TITLE STATEMENT |
| Title |
Intellectual property and Entrepreneuship: Advances in the study of Entrepreneurship, Innovation and Economic Growth |
| Statement of responsibility, etc |
Gary D Libecap |
| 260 ## - PUBLICATION, DISTRIBUTION, ETC. (IMPRINT) |
| Place of publication, distribution, etc |
London UK |
| Name of publisher, distributor, etc |
Elsevier ltd |
| Date of publication, distribution, etc |
c2004- |
| 300 ## - PHYSICAL DESCRIPTION |
| Extent |
xvi' 304 |
| Dimensions |
26 cm. |
| 310 ## - CURRENT PUBLICATION FREQUENCY |
| Current publication frequency |
Annual |
| 362 1# - DATES OF PUBLICATION AND/OR SEQUENTIAL DESIGNATION |
| Dates of publication and/or sequential designation |
Began with: 2006/2008. |
| 500 ## - GENERAL NOTE |
| General note |
Some issues accompanied by CD-ROM. |
| 550 ## - ISSUING BODY NOTE |
| Issuing body note |
Issued by ABA Section of Intellectual Property Law. |
| 650 #0 - SUBJECT ADDED ENTRY--TOPICAL TERM |
| Topical term or geographic name as entry element |
Intellectual property |
| Geographic subdivision |
United States |
| Form subdivision |
Periodicals. |
| 650 #0 - SUBJECT ADDED ENTRY--TOPICAL TERM |
| Topical term or geographic name as entry element |
Intellectual property |
| Form subdivision |
Periodicals. |
| 710 2# - ADDED ENTRY--CORPORATE NAME |
| Corporate name or jurisdiction name as entry element |
American Bar Association. |
| Subordinate unit |
Section of Intellectual Property Law. |
| 776 08 - ADDITIONAL PHYSICAL FORM ENTRY |
| Display text |
Online version: |
| Title |
Annual review of intellectual property law developments |
| Record control number |
(OCoLC)743105902 |
| 906 ## - LOCAL DATA ELEMENT F, LDF (RLIN) |
| a |
7 |
| b |
cbc |
| c |
serials |
| d |
2 |
| e |
ncip |
| f |
20 |
| g |
n-oclcserc |
| 942 ## - ADDED ENTRY ELEMENTS (KOHA) |
| Source of classification or shelving scheme |
|
| Koha item type |
Book |